Xác định hệ số của các phương trình đạo hàm riêng tuyến tính cấp hai
Spremljeno u:
| Glavni autor: | |
|---|---|
| Format: | Knjiga |
| Izdano: |
2008
|
| Oznake: |
Dodaj oznaku
Bez oznaka, Budi prvi tko označuje ovaj zapis!
|
| Thư viện lưu trữ: | Mạng thư viện Đại học Đà Nẵng |
|---|
| LEADER | 00728nam a2200229 4500 | ||
|---|---|---|---|
| 001 | 000020527 | ||
| 003 | 16973 | ||
| 005 | 20150323080332.0 | ||
| 008 | 150323s2008 sd | ||
| 100 | 1 | |a Trần Nhân Tâm Quyền |e Chủ nhiệm đề tài | |
| 245 | 1 | 0 | |a Xác định hệ số của các phương trình đạo hàm riêng tuyến tính cấp hai |c Trần Nhân Tâm Quyền |
| 260 | |c 2008 | ||
| 500 | |a Đề tài NCKH cấp Bộ . Mã số : B2008-03-04 | ||
| OWN | |a LSP | ||
| 999 | |a From the UDN01 | ||
| TYP | |a Mixed Materials | ||
| TYP | |a Monograph | ||
| TYP | |a Printed language | ||
| 980 | |a Mạng thư viện Đại học Đà Nẵng | ||